000 006150000a22001810004500
003 MACL
005 20160331140314.0
008 160331b xxu||||| |||| 00| 0 eng d
040 _aMACL
_cMACL
041 _aHindi
082 _a333
100 _aडॉ गोविन्‍द चातक
_946939
245 _aपर्यावरण और संस्‍कृति का संकट
_bनई सदी की चुनौतियॉ
260 _bतक्षशिला प्रकाशन
_c1992
_aदिल्‍ली
350 _a400
650 _aEnvironment
_949300
942 _cHIN
_k363
_2ddc
999 _c22338
_d22338